Subdivision capitals closest to Salzburg (AT) - Statistics

General Stats
  • This quiz has been taken 18 times
  • The average score is 12 of 20
Answer Stats
Distance (km) Answer % Correct
7 197 Graz
100%
3 138 Innsbruck
100%
4 162 Klagenfurt
100%
1 108 Linz
100%
2 116 München
100%
18 251 Wien
100%
12 224 Ljubljana
80%
19 256 Maribor
80%
6 197 Sankt Pölten
80%
17 245 Trieste
70%
8 200 Kranj
50%
16 242 Celje
40%
5 168 České Budějovice
40%
14 242 Trento
40%
11 218 Plzeň
30%
9 210 Nova Gorica
20%
15 242 Postojna
20%
20 258 Jihlava
10%
10 210 Slovenj Gradec
10%
13 238 Trbovlje
10%
No matching quizzes found
Score Distribution
Percent of People with Each Score
Percentile by Number Answered
Your Score History
You have not taken this quiz